Έλεγχος των αποφάσεων του Συμβουλίου Ασφαλείας των Ηνωμένων Εθνών από το Διεθνές Δικαστήριο

Αποθηκεύτηκε σε:
Λεπτομέρειες βιβλιογραφικής εγγραφής
Κύριος συγγραφέας: Αρώνη, Χαρίκλεια
Συγγραφή απο Οργανισμό/Αρχή: Δημοκρίτειο Πανεπιστήμιο Θράκης Τομέας Διεθνών Σπουδών
Μορφή: Βιβλίο
Γλώσσα:Greek
Δημοσίευση: Αθήνα ; Κομοτηνή : Σάκκουλας, Αντ. Ν., 2006.
Σειρά:Scripta Διεθνούς και Ευρωπαϊκού Δικαίου ; 10
Θέματα:
Ετικέτες: Προσθήκη ετικέτας
Δεν υπάρχουν, Καταχωρήστε ετικέτα πρώτοι!

MARC

LEADER 00000cam a2200000 i 4500
001 1/47005
008 070702s2006 gr | ||| |||| ||gre||
020 |a 9601515836 
035 |l 10088526 
040 |a GR-MyUa  |b gre  |e AACR2 
041 0 |a gre 
082 7 |a 341.2323   |2 (22) 
100 1 |a Αρώνη, Χαρίκλεια. 
245 1 0 |a Έλεγχος των αποφάσεων του Συμβουλίου Ασφαλείας των Ηνωμένων Εθνών από το Διεθνές Δικαστήριο /   |c Χαρίκλεια Αρώνη ; Δημοκρίτειο Πανεπιστήμιο Θράκης. Τομέας Διεθνών Σπουδών. 
260 |a Αθήνα ;   |a Κομοτηνή :   |b Σάκκουλας, Αντ. Ν.,   |c 2006. 
300 |a 116 σ. ;   |c 24 εκ. 
490 1 |a (Scripta Διεθνούς και Ευρωπαϊκού Δικαίου ;   |v 10) 
504 |a Βιβλιογραφία: σ. 113-116. 
610 2 0 |a International Court of Justice. 
610 2 0 |a United Nations. 
650 0 |a International law  |x Cases. 
650 0 |a Judicial review. 
650 0 |a Security, International. 
710 1 |a Δημοκρίτειο Πανεπιστήμιο Θράκης  |b Τομέας Διεθνών Σπουδών. 
830 0 |a Scripta Διεθνούς και Ευρωπαϊκού Δικαίου ;  |v 10 
852 |a INST  |b LESVOS  |e 20070702  |h 341.2323 ΑΡΩ  |p 005100037873  |q 005100037873  |t BK  |y 0 
901 |a BIBL1-2007-2 
922 |a 1ΕΛΗ  |b 200705  |c ΕΠΕΑΕΚ2/ΤΚ  |d Σ. Πατάκης 
970 |a Βάρκα  |b Ελευθερία  |z 28/06/2007